| 000 | 00817nam a2200229Ii 4500 | ||
|---|---|---|---|
| 003 | JO-AjNU | ||
| 008 | 230605s9999||||xx |||||||||||||| ||und|| | ||
| 017 | _a2009/6/2627 | ||
| 020 | _a978-9957-00-417-0 | ||
| 040 |
_aJO-AjNU _bara _erda _cJO-AjNU |
||
| 041 | _aara | ||
| 050 | 1 | 4 | _aBF637.2010 |
| 100 | 3 |
_aالغرير،نايل, _eauthor _931188 |
|
| 245 | 0 | 0 | _aبرنامج إرشاد نفسي :نموذج في التربية الخاصة |
| 250 | _aالطبعة العربية الاولى الاصدار الاول | ||
| 264 | 3 | 1 | _aعمان:دار الشروق للنشر والتوزيع ، 2010 |
| 300 | _a286ص | ||
| 336 |
_atext _btxt _2rdacontent |
||
| 337 |
_aunmediated _bn _2rdamedia |
||
| 338 |
_avolume _bnc _2rdacarrier |
||
| 650 | 4 |
_aالتعليم الخاص-الارشاد النفسي _931189 |
|
| 999 |
_aA12447 _c16015 _d16015 |
||